000 00376nam a22001577a 4500
005 20180321104834.0
008 160621b xxu||||| |||| 00| 0 eng d
041 _aeng
082 _b8748
_a338.5
100 _aSarkhel, Jaydeb
_92383
245 _aMicro-economic Theory
260 _bProov Sundicate pvt.ltd
_c2008
300 _a647
650 _aManagement
_9241
942 _cBK
999 _c3387
_d3386